Mystery XI #19 - Statistics

General Stats
  • This quiz has been taken 162 times
  • The average score is 8 of 11
Answer Stats
Answer % Correct
Florian Wirtz
97%
Granit Xhaka
95%
Patrik Schick
95%
Alejandro Grimaldo
93%
Jonathan Tah
93%
Edmond Tapsoba
84%
Jeremie Frimpong
79%
Exequiel Palacios
73%
Josip Stanisic
52%
Amine Adli
43%
Matej Kovar
37%
No matching quizzes found
Score Distribution
Percent of People with Each Score
Percentile by Number Answered
Your Score History
You have not taken this quiz